Umísťování investic do podzemí jako řešení některých problémů životního prostředí.
Porovnávanie výkonov podzemných prác pri výstavbe podzemných stavieb v hodnotení vo svete a v ČSFR. Investičná náročnosť budovania týchto stavieb, odstraňovanie prekážok v umiestňovaní investícií do podzemia, požiadavky na výber lokalít a zahájenie výstavby podzemných stavieb (podzemné zásobníky ply...
Salvato in:
| Autore principale: | |
|---|---|
| Natura: | Capitolo di libro |
| Lingua: | ceco |
| Soggetti: | |
| Tags: |
Nessun Tag, puoi essere il primo ad aggiungerne!!
|
MARC
| LEADER | 00000naa a2200000 4500 | ||
|---|---|---|---|
| 001 | r005602 | ||
| 005 | 20220819175953.5 | ||
| 041 | 0 | |a cze | |
| 044 | |a [CS] | ||
| 245 | 1 | 0 | |a Umísťování investic do podzemí jako řešení některých problémů životního prostředí. |c J. Smolík |
| 520 | |a Porovnávanie výkonov podzemných prác pri výstavbe podzemných stavieb v hodnotení vo svete a v ČSFR. Investičná náročnosť budovania týchto stavieb, odstraňovanie prekážok v umiestňovaní investícií do podzemia, požiadavky na výber lokalít a zahájenie výstavby podzemných stavieb (podzemné zásobníky plynu, možnosti uskladnenia toxických látok ap.). Perspektívy relizácie investícií v našich podmienkach. | ||
| 610 | 2 | 0 | |a prostredie životné |
| 610 | 2 | 0 | |a investície |
| 610 | 2 | 0 | |a stavby |
| 610 | 2 | 0 | |a výstavba investičná |
| 100 | 1 | |a Smolík, J. | |